|
|
|
|
| LEADER |
01381nam a22002897a 4500 |
| 001 |
30193 |
| 003 |
BD-DhAAL |
| 005 |
20241118102417.0 |
| 008 |
151021s1997 bg a|||| b||| 00| 0 eng d |
| 040 |
|
|
|a BD-DhAAL
|c BD-DhAAL
|
| 082 |
|
|
|2 22
|a 307.1412095492
|
| 100 |
|
|
|a Mahbub, Amina.
|9 15740
|
| 245 |
|
|
|a Perspective of women about their own illness /
|c Amina Mahbub.
|
| 264 |
|
|
|a Dhaka :
|b BRAC-ICDDR,B joint research project, BRAC,
|c 1997.
|
| 300 |
|
|
|a 39 pages :
|b illustrations ;
|c 28 cm
|
| 490 |
|
|
|a Working paper ;
|v no. 16
|
| 541 |
|
|
|e 30193
|a Complimentary copy from BRAC
|
| 610 |
|
|
|a BRAC
|9 15610
|
| 650 |
|
|
|a Rural development
|z Bangladesh.
|9 15611
|
| 700 |
|
|
|a Ahmed, Syed Masud.
|9 15733
|
| 710 |
|
|
|a BRAC
|9 15610
|
| 830 |
|
|
|a Working paper ;
|v no. 16
|
| 852 |
|
|
|a Ayesha Abed Library
|c BRAC Resource Section
|
| 942 |
|
|
|2 ddc
|c BK
|
| 999 |
|
|
|c 35959
|d 35959
|
| 952 |
|
|
|0 0
|1 0
|2 ddc
|4 0
|6 307_141209549200000_MAH
|7 1
|9 56510
|a BRACUL
|b BRACUL
|c BRS
|d 2015-10-31
|e Complimentary copy from BRAC
|l 1
|o 307.1412095492 MAH
|p 3010030193
|r 2025-12-30
|s 2025-03-23
|t 1
|w 2015-10-31
|y BK
|x Complimentary copy from BRAC ; price not available in register
|
| 952 |
|
|
|0 0
|1 0
|2 ddc
|4 0
|6 307_141209549200000_MAH
|7 1
|9 56980
|a BRACUL
|b BRACUL
|c BRS
|d 2015-11-19
|e Complimentary copy from BRAC
|l 0
|o 307.1412095492 MAH
|p 3010030542
|r 2015-11-19
|t 2
|w 2015-11-19
|y BK
|x Complimentary copy from BRAC ; price not available in register
|